Vista normal
Vista MARC
- Estarás Ferragut, Rosa
Entrada Nombre personal
Número de registros utilizados en: 1
001 - NÚMERO DE CONTROL
- Campo de control: 115623
003 - IDENTIFICADOR DE NÚMERO DE CONTROL
- Campo de control: ES-MaBCM
005 - FECHA Y HORA DE LA ULTIMA MODIFICACION
- Campo de control: 20120719102305.0
008 - ELEMENTOS DE DATOS DE LONGITUD FIJA
- Campo de longitud fija: 120719|||a|||||| | ||| d
040 ## - FUENTE DE LA CATALOGACIÓN
- Agencia original de catalogación: ES-MaBCM
- Agencia de transcripción: ES-MaBCM
100 ## - ENCABEZAMIENTO--NOMBRE DE PERSONA
- Nombre personal: Estarás Ferragut, Rosa
670 ## - FUENTE DE DATOS ENCONTRADOS
- Fuente de citación: Work cat.: (ES-MaBCM): Estarás Ferragut, Rosa, El derecho de la persona. El notario y la ratificación por la Unión Europea de la convención de la ONU
